Hoàng Cầm tác phẩm Ba tập
সংরক্ষণ করুন:
| প্রধান লেখক: | |
|---|---|
| বিন্যাস: | গ্রন্থ |
| ট্যাগগুলো: |
ট্যাগ যুক্ত করুন
কোনো ট্যাগ নেই, প্রথমজন হিসাবে ট্যাগ করুন!
|
| Thư viện lưu trữ: | Mạng thư viện Đại học Đà Nẵng |
|---|
| LEADER | 00630nam a2200217 4500 | ||
|---|---|---|---|
| 001 | 000005867 | ||
| 003 | 2020 | ||
| 005 | 20150812140835.0 | ||
| 008 | 110823s sd | ||
| 100 | 0 | |a Hoàng Cầm | |
| 245 | 0 | 0 | |a Hoàng Cầm tác phẩm |b Ba tập |c Hoàng Cầm |
| 774 | |a Hoàng Cầm |d H. |d 2003 |g Tập 1 |h 451 tr |t Thơ |w 2021 | ||
| 774 | |a Hoàng Cầm |d H. |d 2004 |g Quyển 3 |h 697 tr |t Văn xuôi |w 2022 | ||
| OWN | |a LSP | ||
| 999 | |a From the UDN01 | ||
| TYP | |a Monograph | ||
| TYP | |a Printed language | ||
| 980 | |a Mạng thư viện Đại học Đà Nẵng | ||